[Event "Canadian Open ch 2007"]
[Site "Ottawa CAN"]
[Date "2007.07.12"]
[Round "7"]
[White "Djerkovic, Miladin"]
[Black "Derraugh, Geordie"]
[Result "1/2-1/2"]
[WhiteElo "2248"]
[BlackElo "1960"]
[PlyCount "144"]
[EventDate "2007.07.07"]
[EventType "swiss"]
[EventRounds "9"]
[EventCountry "CAN"]
[Source "lmi"]
[SourceDate "2007.07.07"]

1. e4 e5 2. Nf3 Nc6 3. Bb5 a6 4. Ba4 Nf6 5. O-O Be7 6. Re1 b5 7. Bb3 O-O 8. a4
b4 9. d4 d6 10. dxe5 Nxe5 11. Nxe5 dxe5 12. Qf3 Bb7 13. Nd2 c5 14. h3 Qc7 15.
Nc4 Kh8 16. Bg5 Rae8 17. Rad1 Nxe4 18. Bxe7 Qxe7 19. Qe3 f6 20. f3 Ng5 21. Nd6
Rb8 22. h4 Ne6 23. Bxe6 Qxe6 24. Qxc5 Ba8 25. Rd3 h6 26. Red1 f5 27. Re3 e4 28.
f4 Qf6 29. Qe5 Kh7 30. g3 Rb6 31. Qxf6 Rxf6 32. Nc4 Rbc6 33. b3 Rc5 34. Rd7 Bd5
35. Ne5 Be6 36. Rd6 Rxc2 37. Rxa6 Rc3 38. Rxc3 bxc3 39. Rc6 Bxb3 40. Rxc3 Bxa4
41. Kf2 Rb6 42. Ke3 Rb3 43. Rxb3 Bxb3 44. Nc6 Bd1 45. Kd2 Bg4 46. Ne5 h5 47.
Ke3 Kg8 48. Kd4 Kf8 49. Nc4 Ke7 50. Ke5 Kd7 51. Kd5 Kc7 52. Kc5 Kb7 53. Kd4 Ka6
54. Nd6 Ka5 55. Ne8 g6 56. Nf6 Kb4 57. Nd5+ Kb3 58. Ne7 Kc2 59. Ke3 Kd1 60.
Nxg6 Ke1 61. Ne5 Bh3 62. Nd7 Bg4 63. Nf6 Bf3 64. Ng8 Bg4 65. Nf6 Bf3 66. g4
hxg4 67. Nh5 Bd1 68. Ng3 Bb3 69. h5 Bf7 70. Nxf5 Bxh5 71. Ng3 Bg6 72. f5 Bxf5
1/2-1/2

[Event "Canadian Open ch 2007"]
[Site "Ottawa CAN"]
[Date "2007.07.12"]
[Round "7"]
[White "Brown, Gabriel"]
[Black "Taylor, Peter"]
[Result "1/2-1/2"]
[WhiteElo "1937"]
[BlackElo "2209"]
[PlyCount "116"]
[EventDate "2007.07.07"]
[EventType "swiss"]
[EventRounds "9"]
[EventCountry "CAN"]
[Source "lmi"]
[SourceDate "2007.07.07"]

1. c4 Nf6 2. g3 e6 3. Bg2 d5 4. d4 Be7 5. Nc3 c6 6. Nf3 Nbd7 7. O-O O-O 8. b3
b6 9. Bf4 Ba6 10. cxd5 cxd5 11. Re1 Rc8 12. Rc1 Bb4 13. Bd2 Ba3 14. Rc2 Qc7 15.
Bc1 Bb4 16. Nxd5 Qxc2 17. Qxc2 Nxd5 18. Qb2 Bxe1 19. Nxe1 Bxe2 20. Bxd5 exd5
21. Bf4 Rfe8 22. Kg2 Nf8 23. Nf3 Bxf3+ 24. Kxf3 Ne6 25. Be3 Red8 26. h4 f6 27.
Qa3 Rd7 28. Qa4 Rcc7 29. Qb5 Kf7 30. Qd3 g6 31. Kg2 f5 32. Qe2 Rd8 33. Bg5 Nxg5
34. hxg5 Re7 35. Qb5 Rd6 36. Qa6 Kg7 37. Qc8 Rdd7 38. Qc6 Rf7 39. Qe6 h6 40. f4
hxg5 41. fxg5 Kh7 42. Kf3 Rfe7 43. Qc6 Rc7 44. Qxd5 Rc3+ 45. Kf2 Rc2+ 46. Kf1
Rxa2 47. Qh1+ Kg8 48. Qd5+ Kg7 49. Qd6 Rae2 50. Qf6+ Kh7 51. d5 R2e4 52. Qc6
Re1+ 53. Kf2 R7e2+ 54. Kf3 Re3+ 55. Kf2 R1e2+ 56. Kf1 Re1+ 57. Kf2 R1e2+ 58.
Kf1 Re1+ 1/2-1/2

[Event "Canadian Open ch 2007"]
[Site "Ottawa CAN"]
[Date "2007.07.12"]
[Round "7"]
[White "Sharpe, Sam"]
[Black "Armstrong, Robert"]
[Result "1/2-1/2"]
[WhiteElo "2062"]
[BlackElo "1763"]
[PlyCount "88"]
[EventDate "2007.07.07"]
[EventType "swiss"]
[EventRounds "9"]
[EventCountry "CAN"]
[Source "lmi"]
[SourceDate "2007.07.07"]

1. d4 g6 2. Nf3 Bg7 3. e4 d6 4. Nc3 Nf6 5. Be3 O-O 6. Qd2 c6 7. h4 b5 8. Bd3
Ng4 9. Bg5 f6 10. Bf4 e5 11. dxe5 dxe5 12. Be3 Nxe3 13. Qxe3 Be6 14. h5 g5 15.
h6 Bh8 16. Nd2 Nd7 17. f3 a6 18. g4 c5 19. a4 c4 20. Be2 Rb8 21. axb5 axb5 22.
b3 b4 23. Na4 c3 24. Nc4 Qe7 25. Kf2 Rfc8 26. Nab6 Nxb6 27. Nxb6 Rd8 28. Nc4
Kf7 29. Ra7 Rd7 30. Rha1 Kg6 31. Rxd7 Qxd7 32. Ra7 Qd8 33. Bd3 Kxh6 34. Kg3 Kg6
35. Qe1 Bg7 36. Qh1 h6 37. Qh5+ Kh7 38. Ne3 Qd4 39. Re7 Qxe3 40. Rxe6 Qg1+ 41.
Kh3 Rd8 42. Qf7 Rxd3 43. cxd3 c2 44. Re7 Qh1+ 1/2-1/2

[Event "Canadian Open ch 2007"]
[Site "Ottawa CAN"]
[Date "2007.07.12"]
[Round "7"]
[White "Faust, Steven"]
[Black "Barron, Michael"]
[Result "0-1"]
[WhiteElo "1779"]
[BlackElo "2305"]
[PlyCount "96"]
[EventDate "2007.07.07"]
[EventType "swiss"]
[EventRounds "9"]
[EventCountry "CAN"]
[Source "lmi"]
[SourceDate "2007.07.07"]

1. Nf3 f5 2. g3 Nf6 3. Bg2 g6 4. O-O Bg7 5. d4 O-O 6. c4 d6 7. Nc3 Qe8 8. d5 a5
9. Qc2 Na6 10. a3 Nc5 11. Be3 a4 12. Bxc5 dxc5 13. Nd2 Ng4 14. h3 Ne5 15. f4
Nf7 16. e4 fxe4 17. Ncxe4 Nd6 18. Kh2 Nf5 19. Rae1 Bd4 20. Rf3 Qf7 21. Ng5 Qg7
22. b3 axb3 23. Nxb3 Rxa3 24. Ne6 Bxe6 25. Rxe6 Rfa8 26. Re2 Bf6 27. g4 Nh4 28.
Rfe3 g5 29. f5 R8a4 30. Qe4 Ra8 31. Bh1 Kh8 32. Qd3 R8a4 33. Qe4 Rb4 34. Nd2
Rxe3 35. Rxe3 Rb2 36. Re2 Bc3 37. Nf3 Nxf3+ 38. Bxf3 Be5+ 39. Kg2 Bd6 40. Rxb2
Qxb2+ 41. Be2 Kg7 42. Qe3 Kf8 43. Qe6 Be5 44. Qc8+ Kg7 45. f6+ exf6 46. Qd7+
Kh6 47. Kf2 Bd4+ 48. Kf3 Qc3+ 0-1

[Event "Canadian Open ch 2007"]
[Site "Ottawa CAN"]
[Date "2007.07.13"]
[Round "8"]
[White "Miton, Kamil"]
[Black "Hoang Thong, Tu"]
[Result "1-0"]
[WhiteElo "2648"]
[BlackElo "2483"]
[PlyCount "75"]
[EventDate "2007.07.07"]
[EventType "swiss"]
[EventRounds "9"]
[EventCountry "CAN"]
[Source "lmi"]
[SourceDate "2007.07.07"]

1. Nf3 d5 2. d4 e6 3. c4 c6 4. g3 Bd6 5. Bg2 f5 6. O-O Nf6 7. Qc2 O-O 8. Nc3
Ne4 9. Rb1 Nd7 10. b4 a6 11. a4 Qe7 12. b5 axb5 13. axb5 Nxc3 14. Qxc3 Ra4 15.
Bg5 Qe8 16. Nd2 Qh5 17. Bf4 Bxf4 18. gxf4 Nf6 19. bxc6 bxc6 20. Ra1 Rxa1 21.
Rxa1 Ne4 22. Qe3 Nxd2 23. Qxd2 Bd7 24. Qe3 Rb8 25. Qe5 Qe8 26. h3 Ra8 27. Rb1
Qc8 28. Qd6 Be8 29. Rb3 Qd7 30. Qe5 Kf8 31. Kh2 Rd8 32. c5 Ra8 33. Rb8 Ra7 34.
Bf3 Kg8 35. Bh5 g6 36. Bf3 Qf7 37. Rc8 Qd7 38. Qb8 1-0

[Event "Canadian Open ch 2007"]
[Site "Ottawa CAN"]
[Date "2007.07.13"]
[Round "8"]
[White "Mikhalevski, Victor"]
[Black "Gerzhoy, Leonid"]
[Result "1/2-1/2"]
[WhiteElo "2601"]
[BlackElo "2409"]
[PlyCount "67"]
[EventDate "2007.07.07"]
[EventType "swiss"]
[EventRounds "9"]
[EventCountry "CAN"]
[Source "lmi"]
[SourceDate "2007.07.07"]

1. d4 Nf6 2. c4 e6 3. Nf3 b6 4. g3 Ba6 5. b3 Bb4+ 6. Bd2 Be7 7. Bg2 c6 8. Bc3
d5 9. Ne5 Nfd7 10. Nxd7 Nxd7 11. Nd2 O-O 12. O-O Rc8 13. e4 b5 14. Re1 bxc4 15.
bxc4 dxc4 16. Qc2 Qc7 17. Rad1 e5 18. Nf3 Bf6 19. Bh3 exd4 20. Nxd4 Rcd8 21. f4
Nc5 22. e5 Be7 23. e6 f6 24. Nf5 Nd3 25. Qe2 Nxe1 26. Rd7 Rxd7 27. exd7 Bc5+
28. Kf1 Kh8 29. Qe6 Qd8 30. Nh6 gxh6 31. Bxf6+ Rxf6 32. Qe8+ Rf8 33. Qe5+ Rf6
34. Qe8+ 1/2-1/2

[Event "Canadian Open ch 2007"]
[Site "Ottawa CAN"]
[Date "2007.07.13"]
[Round "8"]
[White "Shomoev, Anton"]
[Black "Lahaye, Rick"]
[Result "1/2-1/2"]
[WhiteElo "2561"]
[BlackElo "2367"]
[PlyCount "146"]
[EventDate "2007.07.07"]
[EventType "swiss"]
[EventRounds "9"]
[EventCountry "CAN"]
[Source "lmi"]
[SourceDate "2007.07.07"]

1. e4 c5 2. Nf3 d6 3. d4 cxd4 4. Nxd4 Nf6 5. Nc3 a6 6. Bg5 e6 7. f4 Be7 8. Qf3
Qc7 9. O-O-O Nbd7 10. Bd3 h6 11. Bh4 g5 12. fxg5 Ne5 13. Qe2 Nh7 14. Nf3 hxg5
15. Bg3 Nf8 16. h4 Nxf3 17. gxf3 gxh4 18. e5 d5 19. Qe1 Qb6 20. f4 h3 21. Bf2
Qb4 22. Be3 Bd7 23. Bd2 Qb6 24. Qg3 Bc6 25. Rxh3 Rxh3 26. Qxh3 O-O-O 27. Qh5
Be8 28. Qg4 Nd7 29. Kb1 Nc5 30. Qg1 d4 31. Ne4 Na4 32. b3 Bc6 33. Qe1 Bxe4 34.
Bxe4 Bc5 35. a3 Nc3+ 36. Bxc3 dxc3 37. Rxd8+ Qxd8 38. b4 Bd4 39. Bf3 Qd7 40.
Ka2 Kb8 41. Kb3 f6 42. exf6 Bxf6 43. Qg1 Qf7 44. Qc5 Bd8 45. Qc4 Bc7 46. Qe4
Bxf4 47. Kxc3 Bc1 48. Kb3 e5+ 49. c4 Bf4 50. Qd3 Ka7 51. a4 Bg5 52. a5 Qc7 53.
Qd5 Qc6 54. Qxc6 bxc6 55. Bxc6 Bd2 56. Ka4 Be1 57. b5 axb5+ 58. cxb5 Bf2 59.
Be4 Be3 60. Kb3 Bf2 61. Bd3 e4 62. Bxe4 Be1 63. Ka4 Bf2 64. Bf3 Be3 65. Bg4 Kb7
66. Be2 Kc7 67. Kb3 Bf2 68. Kc4 Bg1 69. Kd5 Bf2 70. Bg4 Bg1 71. Bc8 Bf2 72. b6+
Bxb6 73. axb6+ Kxb6 1/2-1/2

[Event "Canadian Open ch 2007"]
[Site "Ottawa CAN"]
[Date "2007.07.13"]
[Round "8"]
[White "Bluvshtein, Mark"]
[Black "Thavandiran, Shiyam"]
[Result "1/2-1/2"]
[WhiteElo "2520"]
[BlackElo "2337"]
[PlyCount "71"]
[EventDate "2007.07.07"]
[EventType "swiss"]
[EventRounds "9"]
[EventCountry "CAN"]
[Source "lmi"]
[SourceDate "2007.07.07"]

1. d4 Nf6 2. c4 e6 3. Nc3 Bb4 4. e3 O-O 5. Nge2 d5 6. a3 Bd6 7. Ng3 c5 8. dxc5
Bxc5 9. b4 Bd6 10. Bb2 a5 11. b5 Re8 12. Be2 b6 13. O-O Bb7 14. cxd5 exd5 15.
Bf3 Be5 16. Qb3 Nbd7 17. Rad1 Nc5 18. Qa2 Qd7 19. Nxd5 Nxd5 20. Bxd5 Bxg3 21.
hxg3 Bxd5 22. Rxd5 Qxb5 23. Rg5 g6 24. Bd4 Rac8 25. Re5 Rxe5 26. Bxe5 Ne4 27.
Qa1 Qc5 28. Bd4 Qc2 29. Qd1 Qc6 30. Qd3 Nc5 31. Qb1 Na4 32. Kh2 Qd5 33. Qd1 Nc5
34. Qg4 Ne6 35. Rd1 Rd8 36. Qe2 1/2-1/2

[Event "Canadian Open ch 2007"]
[Site "Ottawa CAN"]
[Date "2007.07.13"]
[Round "8"]
[White "Kagramanov, Dalia"]
[Black "Ernst, Sipke"]
[Result "0-1"]
[WhiteElo "1774"]
[BlackElo "2555"]
[PlyCount "50"]
[EventDate "2007.07.07"]
[EventType "swiss"]
[EventRounds "9"]
[EventCountry "CAN"]
[Source "lmi"]
[SourceDate "2007.07.07"]

1. e4 e6 2. d4 d5 3. e5 c5 4. c3 Nc6 5. Nf3 Bd7 6. a3 f6 7. b4 fxe5 8. dxe5 Qc7
9. Bf4 Nge7 10. Bd3 h6 11. h4 g6 12. O-O O-O-O 13. Nbd2 Bg7 14. Re1 Rdf8 15.
Bh2 g5 16. hxg5 hxg5 17. g4 Rxh2 18. Kxh2 Nxe5 19. Nxe5 Bxe5+ 20. Kg2 Bxc3 21.
Ra2 Rxf2+ 22. Kxf2 Qh2+ 23. Kf1 Qh3+ 24. Kf2 Bd4+ 25. Re3 Bxe3+ 0-1

[Event "Canadian Open ch 2007"]
[Site "Ottawa CAN"]
[Date "2007.07.13"]
[Round "8"]
[White "Rychagov, Andrey"]
[Black "Henry, Liam"]
[Result "1-0"]
[WhiteElo "2557"]
[BlackElo "2274"]
[PlyCount "48"]
[EventDate "2007.07.07"]
[EventType "swiss"]
[EventRounds "9"]
[EventCountry "CAN"]
[Source "lmi"]
[SourceDate "2007.07.07"]

1. d4 Nf6 2. c4 g6 3. Nf3 Bg7 4. g3 O-O 5. Bg2 d6 6. O-O Nc6 7. Nc3 Bf5 8. d5
Na5 9. Nd2 c5 10. e4 Bg4 11. Qc2 Qc8 12. b3 a6 13. Bb2 Rb8 14. f3 Bh3 15. Nd1
Bxg2 16. Kxg2 b5 17. Bc3 Qc7 18. Nf2 e6 19. Rae1 exd5 20. exd5 Rfe8 21. Qb2
Rxe1 22. Rxe1 Nh5 23. Bxg7 Nxg7 24. Nde4 Nh5 1-0

[Event "Canadian Open ch 2007"]
[Site "Ottawa CAN"]
[Date "2007.07.13"]
[Round "8"]
[White "Tayar, Jonathan"]
[Black "Yermolinsky, Alex"]
[Result "1/2-1/2"]
[WhiteElo "2271"]
[BlackElo "2517"]
[PlyCount "71"]
[EventDate "2007.07.07"]
[EventType "swiss"]
[EventRounds "9"]
[EventCountry "CAN"]
[Source "lmi"]
[SourceDate "2007.07.07"]

1. e4 Nf6 2. e5 Nd5 3. d4 d6 4. Bc4 c6 5. Nf3 Bg4 6. O-O dxe5 7. dxe5 e6 8. h3
Bh5 9. Be2 Bxf3 10. Bxf3 Nd7 11. c4 Ne7 12. Qe2 Ng6 13. Bh5 Qc7 14. f4 O-O-O
15. Nc3 Be7 16. Be3 f5 17. Qf2 b6 18. a3 Nc5 19. b4 Nd3 20. Qc2 Ngxf4 21. Bxf4
Nxf4 22. Rxf4 Qxe5 23. Rff1 Bd6 24. Ne2 g5 25. g3 g4 26. hxg4 fxg4 27. Bxg4
Rhg8 28. Bf3 Qe3+ 29. Rf2 Bxg3 30. Nxg3 Rxg3+ 31. Bg2 Rdg8 32. Kf1 Rxg2 33.
Rxg2 Rf8+ 34. Rf2 Qh3+ 35. Kg1 Qg4+ 36. Kf1 1/2-1/2

[Event "Canadian Open ch 2007"]
[Site "Ottawa CAN"]
[Date "2007.07.13"]
[Round "8"]
[White "Critelli, James"]
[Black "Likavsky, Tomas"]
[Result "0-1"]
[WhiteElo "2262"]
[BlackElo "2494"]
[PlyCount "78"]
[EventDate "2007.07.07"]
[EventType "swiss"]
[EventRounds "9"]
[EventCountry "CAN"]
[Source "lmi"]
[SourceDate "2007.07.07"]

1. e4 c5 2. Nf3 d6 3. d4 cxd4 4. Nxd4 Nf6 5. Nc3 Nc6 6. Bg5 e6 7. Qd2 h6 8. Be3
Ng4 9. O-O-O Nxe3 10. Qxe3 a6 11. Nb3 Be7 12. Kb1 b5 13. f4 Qc7 14. Bd3 Rb8 15.
g4 b4 16. Ne2 a5 17. h4 a4 18. Nd2 Bd7 19. g5 Na7 20. g6 O-O 21. gxf7+ Rxf7 22.
Bc4 Nb5 23. f5 Nc3+ 24. Nxc3 bxc3 25. fxe6 Rxb2+ 26. Ka1 Bf6 27. exf7+ Kf8 28.
Rdf1 Be5 29. Nb3 Qxc4 30. Qa7 axb3 31. axb3 Qc8 32. Rc1 Kxf7 33. Rhf1+ Kg8 34.
Qa5 Bc6 35. Rfe1 Qb7 36. Re3 Bxe4 37. Re2 Kh7 38. Qa4 d5 39. h5 Bf6 0-1

[Event "Canadian Open ch 2007"]
[Site "Ottawa CAN"]
[Date "2007.07.13"]
[Round "8"]
[White "Pacey, Kevin"]
[Black "de la Paz, Frank"]
[Result "0-1"]
[WhiteElo "2258"]
[BlackElo "2452"]
[PlyCount "158"]
[EventDate "2007.07.07"]
[EventType "swiss"]
[EventRounds "9"]
[EventCountry "CAN"]
[Source "lmi"]
[SourceDate "2007.07.07"]

1. d4 Nf6 2. c4 g6 3. Nc3 Bg7 4. e4 d6 5. Be2 O-O 6. Bg5 Na6 7. h4 Qe8 8. h5 e5
9. d5 Nc5 10. Qc2 Bd7 11. b4 Na6 12. a3 c6 13. dxc6 bxc6 14. c5 Nc7 15. h6 Bh8
16. cxd6 Ne6 17. Be3 Nd4 18. Qa2 a5 19. bxa5 Rxa5 20. a4 Be6 21. Qb2 Qa8 22.
Rb1 Nd7 23. Qb7 Qxb7 24. Rxb7 Nc5 25. Rb6 Nxa4 26. Nxa4 Rxa4 27. Bd1 Ra1 28.
Nf3 Bb3 29. Kd2 Ra2+ 30. Kc3 Bxd1 31. Rxd1 Ra3+ 32. Kd2 c5 33. Bxd4 cxd4 34.
Rc1 Bf6 35. d7 Bd8 36. Rb8 Rc3 37. Rxc3 dxc3+ 38. Kd3 f6 39. Ng1 Be7 40. Rc8
Rd8 41. Ne2 Kf7 42. Nxc3 Rxd7+ 43. Nd5 Bf8 44. Rc6 f5 45. Rf6+ Kg8 46. Re6 Bxh6
47. Kc4 Bg7 48. exf5 gxf5 49. Nf6+ Kf7 50. Nxd7 Kxe6 51. Nc5+ Kd6 52. f3 h5 53.
Nb7+ Kc6 54. Na5+ Kd6 55. Nb7+ Ke6 56. Nc5+ Kf6 57. Kd5 h4 58. Nd7+ Kg6 59. Nc5
Bh8 60. Nd7 Kh5 61. Nc5 Bf6 62. Nd7 Kg6 63. Nc5 Bg7 64. Nd7 e4 65. fxe4 f4 66.
Nc5 f3 67. gxf3 h3 68. Nd3 h2 69. Nf2 Kg5 70. e5 Kf4 71. e6 Bf8 72. Kd4 Kxf3
73. Nh1 Kg2 74. Ke3 Kxh1 75. Kf2 Be7 76. Kf1 Bc5 77. e7 Bxe7 78. Kf2 Bh4+ 79.
Kf1 Be1 0-1

[Event "Canadian Open ch 2007"]
[Site "Ottawa CAN"]
[Date "2007.07.13"]
[Round "8"]
[White "Bradford, Joe"]
[Black "Semyonov, Vladimir"]
[Result "1/2-1/2"]
[WhiteElo "2406"]
[BlackElo "2178"]
[PlyCount "63"]
[EventDate "2007.07.07"]
[EventType "swiss"]
[EventRounds "9"]
[EventCountry "CAN"]
[Source "lmi"]
[SourceDate "2007.07.07"]

1. Nf3 f5 2. g3 Nf6 3. Bg2 g6 4. O-O Bg7 5. d4 O-O 6. c4 d6 7. Nc3 Qe8 8. d5 a5
9. Rb1 Na6 10. b3 Bd7 11. Bb2 Nc5 12. a3 c6 13. b4 Na6 14. dxc6 bxc6 15. b5
cxb5 16. cxb5 Nc5 17. a4 Rc8 18. Nd4 e5 19. Nc6 Bxc6 20. Bxc6 Rxc6 21. bxc6
Qxc6 22. Rc1 Bh6 23. e3 f4 24. exf4 exf4 25. Nb5 fxg3 26. hxg3 Bxc1 27. Qxc1
Nfe4 28. Qc4+ d5 29. Qd4 Qf6 30. Qxd5+ Qf7 31. Qd4 Qf6 32. Qd5+ 1/2-1/2

[Event "Canadian Open ch 2007"]
[Site "Ottawa CAN"]
[Date "2007.07.13"]
[Round "8"]
[White "Ziegler, Richard"]
[Black "Rensch, Daniel"]
[Result "0-1"]
[WhiteElo "2181"]
[BlackElo "2400"]
[PlyCount "50"]
[EventDate "2007.07.07"]
[EventType "swiss"]
[EventRounds "9"]
[EventCountry "CAN"]
[Source "lmi"]
[SourceDate "2007.07.07"]

1. g3 e5 2. Bg2 Nf6 3. c4 Nc6 4. Nc3 Bc5 5. e3 O-O 6. Nge2 d5 7. cxd5 Nb4 8.
O-O Nbxd5 9. Nxd5 Nxd5 10. a3 Bg4 11. b4 Bb6 12. h3 Bh5 13. Bb2 Qd6 14. Bxd5
Qxd5 15. Nc3 Qf3 16. g4 Qxh3 17. gxh5 f5 18. f4 Qg3+ 19. Kh1 Rad8 20. Rf3 Qg4
21. Qe2 Qxh5+ 22. Kg2 Rf6 23. Rg1 Rg6+ 24. Kf1 Rxd2 25. Qxd2 Qxf3+ 0-1

[Event "Canadian Open ch 2007"]
[Site "Ottawa CAN"]
[Date "2007.07.13"]
[Round "8"]
[White "Inigo, Aquino"]
[Black "Hua, Lefong"]
[Result "0-1"]
[WhiteElo "1995"]
[BlackElo "2348"]
[PlyCount "136"]
[EventDate "2007.07.07"]
[EventType "swiss"]
[EventRounds "9"]
[EventCountry "CAN"]
[Source "lmi"]
[SourceDate "2007.07.07"]

1. d4 Nf6 2. c4 c5 3. e3 g6 4. Nc3 Bg7 5. Nf3 O-O 6. Be2 cxd4 7. exd4 d5 8. O-O
Nc6 9. Be3 Be6 10. c5 Ne4 11. Rc1 Nxc5 12. dxc5 d4 13. Nxd4 Nxd4 14. b4 a5 15.
b5 Rc8 16. Bf3 Rxc5 17. Bxb7 Rc4 18. Ba6 Qa8 19. Bxd4 Rxd4 20. Qf3 Qxf3 21.
gxf3 Rb4 22. Rfd1 Bxc3 23. Rxc3 Bxa2 24. Ra1 Rb2 25. Ra3 Bc4 26. Rxa5 Rb8 27.
Re1 Be2 28. Raa1 Bxf3 29. Rxe7 Be2 30. Rc7 Bxb5 31. Rc8+ Rxc8 32. Bxc8 Bc6 33.
Bh3 Kg7 34. Bg2 Bd7 35. Bf3 Bh3 36. Bg2 Be6 37. Bf3 h5 38. Kg2 Kf6 39. Ra6 Rd2
40. Ra5 Rd4 41. Rc5 Bf5 42. Ra5 Kg5 43. Bc6 Rg4+ 44. Kf3 Kh4 45. Bd5 Kh3 46.
Bxf7 Kxh2 47. Re5 Rg5 48. Kf4 Rg2 49. Kf3 h4 50. Bc4 h3 51. Bd5 Rg1 52. Ke2
Bg4+ 53. f3 Bf5 54. Re3 Kg3 55. f4+ Kxf4 56. Kf2 h2 57. Re8 h1=Q 58. Bxh1 Rxh1
59. Kg2 Rc1 60. Rb8 Rc2+ 61. Kg1 g5 62. Rb3 g4 63. Ra3 Be4 64. Ra1 Rg2+ 65. Kf1
g3 66. Ra4 Rh2 67. Rc4 Rh1+ 68. Ke2 g2 0-1

[Event "Canadian Open ch 2007"]
[Site "Ottawa CAN"]
[Date "2007.07.13"]
[Round "8"]
[White "Mikanovic, Goran"]
[Black "Pestov, Vladimir"]
[Result "1-0"]
[WhiteElo "2325"]
[BlackElo "2168"]
[PlyCount "71"]
[EventDate "2007.07.07"]
[EventType "swiss"]
[EventRounds "9"]
[EventCountry "CAN"]
[Source "lmi"]
[SourceDate "2007.07.07"]

1. d4 Nf6 2. c4 c5 3. d5 e5 4. Nc3 d6 5. g3 g6 6. Bg2 Bg7 7. Nf3 a6 8. O-O O-O
9. a4 Nh5 10. e4 Qe8 11. a5 f5 12. exf5 Bxf5 13. Ng5 Nf6 14. Ne6 Rf7 15. Ng5
Re7 16. Nge4 Nxe4 17. Nxe4 Rd7 18. Qa4 Qe7 19. b4 cxb4 20. Bg5 Qf8 21. Qxb4 Rc7
22. Nxd6 Nd7 23. Qa3 Rc5 24. Nxb7 Rxc4 25. Be7 Qb8 26. Nd6 Rc7 27. Nxf5 gxf5
28. Bd6 e4 29. Rab1 Qc8 30. Bxc7 Qxc7 31. d6 Qd8 32. Qb3+ Kh8 33. Qd5 Ne5 34.
Rb7 Nf3+ 35. Bxf3 exf3 36. Qxf3 1-0

[Event "Canadian Open ch 2007"]
[Site "Ottawa CAN"]
[Date "2007.07.13"]
[Round "8"]
[White "Mckay, Brian"]
[Black "Michielsen, Joost"]
[Result "0-1"]
[WhiteElo "1816"]
[BlackElo "2314"]
[PlyCount "114"]
[EventDate "2007.07.07"]
[EventType "swiss"]
[EventRounds "9"]
[EventCountry "CAN"]
[Source "lmi"]
[SourceDate "2007.07.07"]

1. e4 e6 2. d4 d5 3. exd5 exd5 4. Bd3 Nc6 5. c3 Bd6 6. Qf3 Nge7 7. Ne2 O-O 8.
O-O Ng6 9. Qh5 Nce7 10. f4 f5 11. Nd2 Bd7 12. Nf3 c5 13. Kh1 cxd4 14. Nfxd4 Qe8
15. Bd2 Qf7 16. Rae1 Nc6 17. Nf3 Qf6 18. Ng5 h6 19. Nf3 Rae8 20. Nfd4 Nxd4 21.
cxd4 a6 22. g4 Ne7 23. g5 Qg6 24. Qxg6 Nxg6 25. gxh6 gxh6 26. Rg1 Kh7 27. Rg3
Nxf4 28. Bxf4 Bxf4 29. Rf3 Bd6 30. Ref1 Bb5 31. Bxb5 axb5 32. Nc3 b4 33. Nxd5
Re4 34. Nf4 Rc8 35. Nd5 Rxd4 36. Rxf5 Rc2 37. Nf6+ Kg6 38. R1f2 Rxb2 39. R5f3
Rxf2 40. Rxf2 Rd1+ 41. Kg2 Bc5 42. Rc2 Kxf6 43. Rxc5 Rd2+ 44. Kh3 Rxa2 45. Rb5
Rb2 46. Rxb7 Kg5 47. Rb5+ Kf4 48. Rb6 b3 49. Rxh6 Rc2 50. Rb6 b2 51. Rb7 Kf3
52. Rb3+ Kf4 53. Rb4+ Ke3 54. Kg3 Kd2 55. h4 Rc3+ 56. Kg4 Rc4+ 57. Rxc4 b1=Q
0-1

[Event "Canadian Open ch 2007"]
[Site "Ottawa CAN"]
[Date "2007.07.13"]
[Round "8"]
[White "Huber, Greg"]
[Black "Begoray, David"]
[Result "1-0"]
[WhiteElo "2284"]
[BlackElo "2063"]
[PlyCount "81"]
[EventDate "2007.07.07"]
[EventType "swiss"]
[EventRounds "9"]
[EventCountry "CAN"]
[Source "lmi"]
[SourceDate "2007.07.07"]

1. e4 c5 2. Nc3 d6 3. g3 Nc6 4. Bg2 g6 5. d3 Bg7 6. Be3 e6 7. Qd2 Nd4 8. Nd1 e5
9. c3 Nc6 10. Ne2 Nf6 11. Bh6 O-O 12. Bxg7 Kxg7 13. Ne3 Be6 14. f4 exf4 15.
Nxf4 Qa5 16. O-O Rae8 17. a3 Bb3 18. Rae1 h6 19. Nh3 Qd8 20. Rxf6 Kxf6 21. Ng4+
Ke7 22. e5 Kd7 23. Nf6+ Kc8 24. Nxe8 Rxe8 25. exd6 Rxe1+ 26. Qxe1 Qxd6 27. Qe8+
Kc7 28. Nf2 f5 29. c4 Bc2 30. Bxc6 Qxc6 31. Qe5+ Kb6 32. b4 a6 33. bxc5+ Ka7
34. Qc3 Ba4 35. d4 Qf6 36. Qa5 Bd7 37. d5 f4 38. c6 fxg3 39. hxg3 b6 40. Qd2
Be8 41. Qxh6 1-0

[Event "Canadian Open ch 2007"]
[Site "Ottawa CAN"]
[Date "2007.07.13"]
[Round "8"]
[White "Hambleton, Aman"]
[Black "Plotkin, Victor"]
[Result "0-1"]
[WhiteElo "2066"]
[BlackElo "2253"]
[PlyCount "122"]
[EventDate "2007.07.07"]
[EventType "swiss"]
[EventRounds "9"]
[EventCountry "CAN"]
[Source "lmi"]
[SourceDate "2007.07.07"]

1. e4 e5 2. Nf3 Nf6 3. Nxe5 d6 4. Nf3 Nxe4 5. d4 d5 6. Bd3 Bd6 7. O-O O-O 8. c4
Nf6 9. b3 Nc6 10. c5 Be7 11. Bb5 Bd7 12. Bxc6 Bxc6 13. Ne5 Be8 14. Bf4 Nd7 15.
c6 Nxe5 16. cxb7 Rb8 17. dxe5 Bc6 18. Nd2 Bxb7 19. Qg4 Qc8 20. Qg3 Qf5 21. Nf3
c5 22. Bg5 Bxg5 23. Nxg5 h6 24. Nh3 Rfe8 25. f4 Re6 26. Qh4 Rg6 27. Rf3 Rc8 28.
Nf2 c4 29. Qh3 Qxh3 30. Rxh3 d4 31. Rg3 Rxg3 32. hxg3 c3 33. Rc1 f6 34. exf6
gxf6 35. Nd1 Re8 36. Kf2 Ba6 37. Nxc3 dxc3 38. Rxc3 Re2+ 39. Kf3 Rxa2 40. Rc7
Bf1 41. Kg4 Ra5 42. Kh4 Bxg2 43. b4 Ra1 44. Kh5 Be4 45. Kg4 a6 46. Re7 Bg6 47.
Ra7 h5+ 48. Kf3 Ra3+ 49. Kf2 Ra4 50. Ke3 Be8 51. Rb7 Bb5 52. Kd4 Rxb4+ 53. Kc5
Rb3 54. Kd6 Rxg3 55. Ke6 Rg7 56. Rb8+ Kh7 57. Kxf6 h4 58. Rd8 h3 59. Rd1 h2 60.
Rh1 Rg6+ 61. Ke5 Rh6 0-1

[Event "Canadian Open ch 2007"]
[Site "Ottawa CAN"]
[Date "2007.07.13"]
[Round "8"]
[White "Saleh, Maher"]
[Black "Bao Trinh, Tri"]
[Result "1/2-1/2"]
[WhiteElo "2250"]
[BlackElo "2063"]
[PlyCount "97"]
[EventDate "2007.07.07"]
[EventType "swiss"]
[EventRounds "9"]
[EventCountry "CAN"]
[Source "lmi"]
[SourceDate "2007.07.07"]

1. Nf3 c5 2. g3 Nc6 3. d4 cxd4 4. Nxd4 g6 5. Bg2 Bg7 6. Nb3 Nf6 7. Nc3 O-O 8.
O-O d6 9. Re1 Be6 10. e4 a5 11. a4 Bxb3 12. cxb3 Nd7 13. Be3 Nc5 14. Re2 Qb6
15. Nb5 Rac8 16. Bh3 Rcd8 17. Rd2 Qa6 18. f3 b6 19. Rc1 Qb7 20. Bf1 Qc8 21. Kg2
Kh8 22. Bc4 f5 23. Bd5 fxe4 24. Bxe4 Nb4 25. Rc4 Qe6 26. Bxc5 bxc5 27. Rxc5 Bh6
28. Rd4 Be3 29. Nc3 Qf6 30. Rcc4 Bxd4 31. Rxd4 Rc8 32. Qd2 Rc5 33. h4 Nc6 34.
Rd5 Nb4 35. Rd4 Rfc8 36. Bb7 Rb8 37. Ne4 Rc2 38. Nxf6 Rxd2+ 39. Rxd2 Rxb7 40.
Ne4 Kg8 41. Kf2 d5 42. Nc5 Rb6 43. f4 e6 44. Ke3 Kf7 45. Re2 Rc6 46. Kd4 Rb6
47. Nd7 Rb7 48. Ne5+ Ke7 49. Nf3 1/2-1/2

[Event "Canadian Open ch 2007"]
[Site "Ottawa CAN"]
[Date "2007.07.13"]
[Round "8"]
[White "Aniag, Danilo"]
[Black "Djerkovic, Miladin"]
[Result "0-1"]
[WhiteElo "1956"]
[BlackElo "2248"]
[PlyCount "61"]
[EventDate "2007.07.07"]
[EventType "swiss"]
[EventRounds "9"]
[EventCountry "CAN"]
[Source "lmi"]
[SourceDate "2007.07.07"]

1. d4 Nf6 2. Nf3 e6 3. c4 d5 4. g3 dxc4 5. Bg2 Nc6 6. O-O Rb8 7. Bg5 Be7 8. Na3
b5 9. Nxb5 Rxb5 10. Qa4 a6 11. Ne5 Nxe5 12. Bxf6 gxf6 13. dxe5 O-O 14. Rad1 Qe8
15. Qxc4 Rc5 16. Qg4+ Kh8 17. exf6 Bxf6 18. Be4 Bg7 19. Bb1 f5 20. Qg5 Bb7 21.
e4 h6 22. Qe3 Qc6 23. f3 Rc4 24. Kg2 Qc5 25. Qb3 Rb4 26. Qxe6 Rxb2+ 27. Kh1
fxe4 28. Bxe4 Bxe4 29. Qxe4 Qh5 30. h4 Re8 31. Qc4 0-1